[Event "Bamberg op-B 5th"]
[Site "Bamberg"]
[Date "2023.07.27"]
[Round "3"]
[White "May, Alexander1"]
[Black "Fridlin, Daniel"]
[Result "1-0"]
[WhiteElo "1670"]
[BlackElo "1487"]
[PlyCount "55"]
[EventDate "2023.07.26"]
[EventType "swiss"]
[EventRounds "7"]
[EventCountry "GER"]
[SourceTitle "CBM 215 Extra"]
[Source "ChessBase"]
[SourceDate "2023.09.30"]
[SourceVersion "1"]
[SourceVersionDate "2023.09.30"]
[SourceQuality "1"]

1. d4 Nf6 2. Bg5 g6 3. Bxf6 exf6 4. Nf3 Bg7 5. Nbd2 0-0 6. e3 d6 7. Be2 f5 8. c3 c5 9. 0-0 Qb6 10. Nc4 Qc7 11. a4 b6 12. Qc2 Bb7 13. Ncd2 Nc6 14. Rac1 Rac8 15. Qb3 Qe7 16. Rfe1 Na5 17. Qa2 Qd7 18. Bb5 Qd8 19. Rcd1 a6 20. Bf1 Qf6 21. Qb1 Rfe8 22. b4 cxb4 23. cxb4 Nc6 24. b5 axb5 25. Qxb5 f4 26. Qxb6 fxe3 27. Qxb7 Nxd4 28. Rxe3 1-0